Money, banking, and credit in Eastern Europe

Gespeichert in:
Bibliographische Detailangaben
1. Verfasser: Garvy, George
Format: Buch
Sprache:Undetermined
Veröffentlicht: New York Federal Reserve Bank of New York 1966
Schlagworte:
Tags: Tag hinzufügen
Keine Tags, Fügen Sie den ersten Tag hinzu!
Thư viện lưu trữ: Trung tâm Học liệu Trường Đại học Cần Thơ
LEADER 00495nam a2200181Ia 4500
001 CTU_83135
008 210402s9999 xx 000 0 und d
082 |a 332.4 
082 |b G283 
100 |a Garvy, George 
245 0 |a Money, banking, and credit in Eastern Europe 
245 0 |c George Garvy 
260 |a New York 
260 |b Federal Reserve Bank of New York 
260 |c 1966 
650 |a Money 
904 |i QHieu(sửa) 
980 |a Trung tâm Học liệu Trường Đại học Cần Thơ